| 000 | 00922cam a22002775a 4500 | ||
|---|---|---|---|
| 001 | 017073018 | ||
| 003 | OSt | ||
| 005 | 20201128023954.0 | ||
| 008 | 150128s2015 enka frb f001 0 eng d | ||
| 020 | _a9781107499362 | ||
| 040 |
_aStDuBDS _beng _cStDuBDS _dEG-ScBUE |
||
| 082 | 0 | 4 |
_a658.16 _222 _bDOW |
| 245 | 0 | 0 |
_aDownsizing : _bis less still more? / _cedited by Cary L. Cooper, Alankrita Pandey and James Campbell Quick. |
| 260 |
_aCambridge : _bCambridge University Press, _c2015. |
||
| 300 |
_axxvi, 429 p. : _bill. ; _c23 cm. |
||
| 490 | 0 | _aCambridge companions to management | |
| 500 | _aIndex : p. 418-429. | ||
| 504 | _aIncludes bibliographical references. | ||
| 650 | 7 |
_aDownsizing of organizations. _2BUEsh |
|
| 651 | _2BUEsh | ||
| 653 |
_bBUSADM _cNovember2016 |
||
| 700 | 1 |
_aCooper, Cary L., _eeditor. _9933 |
|
| 700 | 1 |
_aPandey, Alankrita, _eeditor. |
|
| 700 | 1 |
_aQuick, James C., _eeditor. |
|
| 942 | _2ddc | ||
| 999 |
_c22986 _d22958 |
||